000 00653nam a2200241Ia 4500
003 OSt
005 20220918182316.0
006 a|||||r|||| 00| 0
007 ta
008 220917b |||||||| |||| 00| 0 eng d
024 _a31,829
037 _cTextual
040 _aARTS
_cARTS
_beng
041 _2eng
_aeng
082 _aO111,1L70:g, L4
100 _aJames D G
_954861
245 0 _aWordsworth and Tennyson
260 _aFolcroft
_bFolcroft Library Editions
_c1974
300 _a17p.
_ccm.
650 _aENGLISH LITERATURE; CRITICISM
_912992
942 _hO111,1L70:g, L4
_cTEXL
_2CC
999 _c168506
_d168506